<?xml version="1.0" encoding="UTF-8"?>
<record
    xmlns:xsi="http://www.w3.org/2001/XMLSchema-instance"
    xsi:schemaLocation="http://www.loc.gov/MARC21/slim http://www.loc.gov/standards/marcxml/schema/MARC21slim.xsd"
    xmlns="http://www.loc.gov/MARC21/slim">

  <leader>01772nam a2200265 a 4500</leader>
  <controlfield tag="001">000015405</controlfield>
  <controlfield tag="005">20200929164031.0</controlfield>
  <controlfield tag="008">100208s2001    dr abc        001 0 spa d</controlfield>
  <datafield tag="040" ind1=" " ind2=" ">
    <subfield code="a">DO-SdBNP</subfield>
    <subfield code="b">spa</subfield>
    <subfield code="c">BNPHU</subfield>
  </datafield>
  <datafield tag="082" ind1=" " ind2=" ">
    <subfield code="a">929.2</subfield>
    <subfield code="b">J54o</subfield>
  </datafield>
  <datafield tag="100" ind1="1" ind2=" ">
    <subfield code="a">Jennings, Odile Nouel</subfield>
    <subfield code="d">1932-</subfield>
    <subfield code="9">34147</subfield>
  </datafield>
  <datafield tag="240" ind1="1" ind2="0">
    <subfield code="a">Your french side</subfield>
    <subfield code="l">Espa&#xF1;ol</subfield>
  </datafield>
  <datafield tag="245" ind1="1" ind2="0">
    <subfield code="a">Tu origen franc&#xE9;s /</subfield>
    <subfield code="c">traducci&#xF3;n Luis Jos&#xE9; Prieto Nouel.</subfield>
  </datafield>
  <datafield tag="260" ind1=" " ind2=" ">
    <subfield code="a">Santo Domingo :</subfield>
    <subfield code="b">Instituto Dominicano de Genealog&#xED;a,</subfield>
    <subfield code="c">2001.</subfield>
  </datafield>
  <datafield tag="300" ind1=" " ind2=" ">
    <subfield code="a">236 p. :</subfield>
    <subfield code="b">il., retrs., map. ;</subfield>
    <subfield code="c">22 cm.</subfield>
  </datafield>
  <datafield tag="490" ind1="1" ind2=" ">
    <subfield code="a">Traducciones ;</subfield>
    <subfield code="v">1</subfield>
  </datafield>
  <datafield tag="500" ind1=" " ind2=" ">
    <subfield code="a">Incluye datos biogr&#xE1;ficos del autor en la contracubierta</subfield>
  </datafield>
  <datafield tag="500" ind1=" " ind2=" ">
    <subfield code="a">Incluye &#xED;ndice onom&#xE1;stico</subfield>
  </datafield>
  <datafield tag="505" ind1="0" ind2=" ">
    <subfield code="a">Dedicatoria -- Pr&#xF3;logo -- Introducci&#xF3;n -- Los erizos de mar o c&#xF3;mo llegu&#xE9; yo a este pa&#xED;s -- Memorias de mi madre Annik Dutertre Nouely de t&#xED;a Simone -- La familia Dutertr&#xE9; -- Annik Dutertr&#xE9; Nouel -- La Primera Guerra Mundial, 1914-1918 -- Los tumultuosos a&#xF1;os 20 -- Las familias Dutertre, Duval y Coger -- Mis abuelos maternos -- La familia Duval --Francis Duval --La familia coger -- Jean Dutertre, el corsario -- General Olivier Ribaud de la Raffiniere -- Los hijos del general -- Los or&#xED;genes de la familia Nouel -- Mis abuelos paternos, Paul y Madeleine Nouel -- Madeleine Leuret -- La familia Le Ferr&#xF3;n, de Bouvines a Bethesda -- Mi padre Bernard Nouel, 1897-1951 -- Los diez hermanos y hermanas de mi padre -- La relaci&#xF3;n con la Rep&#xFA;blica Dominicana -- Ep&#xED;logo -- Tabla de fotos y diagramas &#xED;ndice de anexos.</subfield>
  </datafield>
  <datafield tag="600" ind1="1" ind2="4">
    <subfield code="a">JENNINGS, ODILE NOUEL,</subfield>
    <subfield code="d">1932</subfield>
    <subfield code="x">FAMILIA</subfield>
    <subfield code="9">34790</subfield>
  </datafield>
  <datafield tag="651" ind1=" " ind2="4">
    <subfield code="a">Francia</subfield>
    <subfield code="x">Genealog&#xED;a</subfield>
    <subfield code="9">34791</subfield>
  </datafield>
  <datafield tag="700" ind1="1" ind2=" ">
    <subfield code="a">Prieto Nouel , Luis Jos&#xE9;</subfield>
    <subfield code="e">tr.</subfield>
    <subfield code="9">34792</subfield>
  </datafield>
  <datafield tag="830" ind1=" " ind2="0">
    <subfield code="a">Traducciones ;</subfield>
    <subfield code="v">1</subfield>
    <subfield code="9">34152</subfield>
  </datafield>
  <datafield tag="910" ind1=" " ind2=" ">
    <subfield code="a">Validado. Control de calidad MFF</subfield>
  </datafield>
  <datafield tag="952" ind1=" " ind2=" ">
    <subfield code="0">0</subfield>
    <subfield code="1">0</subfield>
    <subfield code="7">1</subfield>
    <subfield code="8">PD</subfield>
    <subfield code="a">PD</subfield>
    <subfield code="b">PD</subfield>
    <subfield code="c">HD</subfield>
    <subfield code="d">2010-02-08</subfield>
    <subfield code="i">LF1</subfield>
    <subfield code="l">0</subfield>
    <subfield code="o">929.2 J54o</subfield>
    <subfield code="p">15405-10</subfield>
    <subfield code="r">2020-06-25</subfield>
    <subfield code="w">2020-06-25</subfield>
    <subfield code="y">LFPD</subfield>
    <subfield code="Z">No se presta</subfield>
  </datafield>
  <datafield tag="999" ind1=" " ind2=" ">
    <subfield code="c">14964</subfield>
    <subfield code="d">14964</subfield>
  </datafield>
</record>
